| 000 | 00588nam a2200205Ii 4500 | ||
|---|---|---|---|
| 001 | 16973 | ||
| 003 | CO-ViMGA | ||
| 008 | 241108s9999||||xx |||||||||||||| ||und|| | ||
| 040 |
_aCO-ViMGA _bspa _erda _cCO-ViMGA |
||
| 041 | 0 | _aspa | |
| 084 | _aP LIB | ||
| 100 | 1 |
_aVicente Pérez Silva _952532 |
|
| 245 | 1 | 0 | _aLibro de los nocturnos |
| 264 | 1 | _aBogotá, Colombia : Instituto Caro y Cuervo, 1996 | |
| 300 | _avolumen | ||
| 336 |
_atext _btxt _2rdacontent |
||
| 337 |
_aunmediated _bn _2rdamedia |
||
| 338 |
_avolume _bnc _2rdacarrier |
||
| 940 | _aidficha_siabuc: 16641. -- ficha_no_siabuc:16973 | ||
| 999 |
_c47323 _d47323 |
||